Biggest Cities In Israel - Statistics

General Stats
  • This quiz has been taken 4,268 times
  • The average score is 7 of 14
Answer Stats
Hint Answer % Correct
815,600 Jerusalem
99%
403,700 Tel Aviv
99%
265,600 Haifa
91%
197,300 Be'er Sheva
63%
206,400 Ashdod
51%
111,900 Ashkelon
47%
183,200 Netanya
47%
228,200 Rishon Le Zion
42%
209,600 Petah Tikva
36%
145,000 Ramat Gan
35%
184,700 Holon
31%
130,000 Bat Yam
25%
154,400 Bnei Brak
23%
112,700 Rehovot
22%
No matching quizzes found
Score Distribution
Percent of People with Each Score
Percentile by Number Answered
Your Score History
You have not taken this quiz